Zgadnij jaki to zadymiarz z Brawl Stars - Statystyki

Ogólne statystyki
  • Ten quiz został rozwiązany 1 046 razy
  • Średni wynik to 14 z 22
Statystyki odpowiedzi
Podpowiedź Zadymiarz % Poprawnych
Jest gruba Pam
97%
Jest szkieletem i ma gitarę Poco
96%
Jest kotem Kit
82%
Ma 2 rewolwery Colt
80%
Ma dwie litery w imieniu Bo
78%
Ma kij baseballowy Bibi
75%
Jest automatem do gier 8 Bit
72%
Ma strój pingwina Pan P
70%
Jest lodziarzem Lou
68%
Jest śmietnikiem Ash
67%
Siedzi w armacie Bonnie
65%
Jego super atak nazywa się spadający łokieć El Primo
65%
Jest piosenkarką Melodie
65%
Ma łuk i strzałę miłosną Angelo
64%
Jest grabarzem Mortis
61%
Jest mumią Emz
60%
Ma plaster na policzku Shelly
59%
Uderza tylko z buta Kieł
57%
Ma traumę Spike
42%
Ma obsesję na punkcie Spike'a Colette
39%
Ma odkurzacz Gale
26%
Przeskakuje przez ściany Miko
21%
Nie znaleziono quizów pasujących do podanych kryteriów
Rozkład punktacji
Procent ludzi z każdym wynikiem
Percentyl według liczby udzielonych odpowiedzi
Twoja historia wyników
Nie rozwiązałeś tego quizu